| 000 | 01006nam a22003257a 4500 | ||
|---|---|---|---|
| 001 | 064 | ||
| 003 | DO-SdBNP | ||
| 005 | 20180220153932.0 | ||
| 007 | 064 | ||
| 008 | 151005b 1990 sp a 00| 0 spa d | ||
| 020 | _a8434820188 | ||
| 040 |
_aBPMSU _bspa _cBPMSU |
||
| 092 |
_aXXXX _bXXXX |
||
| 100 | 1 | _aCarpelan, Bo | |
| 240 | 1 | 0 |
_aJulius Blom - ett hyvud för sig / _f1986 _lswe |
| 245 | 1 | 0 |
_aJulius Blom / _cBo Carpelan ; ilustraciones Margarita Menéndez ; traducción Guillermo Solana ; colección dirigida por Marinella Terzi |
| 250 | _a4a. ed. | ||
| 260 |
_aMadrid : _bEdiciones SM, _c1990. |
||
| 300 |
_a156 p. : _bil. ; _c19 cm. |
||
| 490 | 1 |
_aEl barco de vapor _aSerie Roja _v34 |
|
| 521 | 1 | _aA partir de los 12 años | |
| 700 | 1 | 2 |
_aTerzi, Marinella _edir. |
| 700 | 1 | 2 |
_aMenéndez, Margarita _eil. |
| 700 | 1 | 2 |
_aSolana, Guillermo _etrad. |
| 830 | 0 |
_aBarco de vapor _n34 _pSerie Roja |
|
| 910 | _a202 | ||
| 942 |
_2ddc _cBK |
||
| 945 | _aInventariado, 2018/ YL | ||
| 956 |
_aYLOCKWARD _b10 _cBPMSU |
||
| 999 |
_c8472 _d8472 |
||